LEADER 00885nam0-22003011i-450- 001 990006855940403321 005 20001010 035 $a000685594 035 $aFED01000685594 035 $a(Aleph)000685594FED01 035 $a000685594 100 $a20001010d--------km-y0itay50------ba 101 0 $aita 105 $ay-------001yy 200 1 $aSustainable greenhouse policies$ethe role of non-CO2 gases$fPeter Michaelis. 210 $aMilano$cFondazione Eni Enrico Mattei$d1997. 215 $a27 p.$d21 cm 225 1 $aNote di lavoro della Fondazione ENI Enrico Mattei$v54 676 $a333.717 700 1$aMichaelis,$bPeter$0253324 801 0$aIT$bUNINA$gRICA$2UNIMARC 901 $aBK 912 $a990006855940403321 952 $aCOLLEZ. 1703 (54)$b30751$fFSPBC 959 $aFSPBC 996 $aSustainable greenhouse policies$9297667 997 $aUNINA DB $aGEN01 LEADER 02039nam 2200457 450 001 000007054 005 20110131114800.0 010 $a0-471-02264-0$a(Vol. 1) 010 $a0-471-02266-7$b(Vol. 3) 100 $a20010123d1977----km-y0itay0103----ba 101 0 $aeng 102 $aUS 200 1 $aAquametry$fJohn Mitchell, Jr., Donald Milton Smith 210 $c<> Wiley$aNew York, ... [etc.]$dc1977- 215 $av.$cill.$d24 cm. 225 1 $aChemical analysis$ea series of monographs on analytical chemistry and its applications$v5 327 $a<>: <> Treatise on methods for the determination of water. - 2. ed.. - c1977. - XI, 632 p.$a<>: <> Treatise on methods for the determination of water. - 2. ed.. - c1980. - XV, 851 p. 606 $aAcquametria 606 $aChimica inorganica$xAcqua 676 $a546.22$v(20. ed.)$9Chimica inorganica. Acqua 700 1$aMitchell,$bJohn$0333012 701 1$aSmith,$bDonald Milton$019529 801 0$aIT$bUniversità della Basilicata - B.I.A.$gRICA$2unimarc 912 $a000007054 996 $aAquametry$976287 997 $aUNIBAS BAS $aMONAGR BAS $aMONOGR BAS $aAGRARIA CAT $aTORRE$b20$c20010123$lBAS01$h1550 CAT $aTORRE$b20$c20010123$lBAS01$h1641 CAT $aTORRE$b20$c20010213$lBAS01$h1103 CAT $c20050601$lBAS01$h1754 CAT $abatch$b01$c20050718$lBAS01$h1049 CAT $c20050718$lBAS01$h1108 CAT $c20050718$lBAS01$h1138 CAT $c20050718$lBAS01$h1152 CAT $aATR$b40$c20110131$lBAS01$h1148 FMT Z30 -1$lBAS01$LBAS01$mBOOK$1BASA2$APolo Tecnico-Scientifico$2DID$BDidattica$3PTS.s2.p17.32$646136$5A46136$820010213$b3$eXV, 851$f04$FPrestabile Didattica$hPart. 3: A treatise on methods for the determination of water Z30 -1$lBAS01$LBAS01$mBOOK$1BASA2$APolo Tecnico-Scientifico$2DID$BDidattica$3PTS.s3.p55.28$646135$5A46135$820010123$b1$eXI, 632$f04$FPrestabile Didattica$hPart. 1: A treatise on methods for the determination of water